000 00887nam a2200325Ia 4500
001 37464
003 IT-RoPAU
008 130308s9999 xx 000 0 und d
040 _aIT-RoPAU
040 _cIT-RoPAU
041 _aINGLESE
100 _aGolding Peter
100 _gCodice Aut. SPICS: 8767
245 _aNew Communications Revolution (The)
245 _bBending Reality-The State Of The Media
250 _a1a ed.
260 _aLONDON
260 _bPluto Press
260 _c1986 [1° Ed.:1986 - Ed.Ling.Originale:1986]
300 _a"17 p. (prefazione: no ; testo: 17 [pagine: 175-191])"
500 _aRivoluzione delle nuove Comunicazioni
650 _aTEORICHE DEI MASS MEDIA
650 _eCodice materia Spics: 6105
700 _aMurdock Graham
700 _gCodice Aut. SPICS: 6133
942 _cBK
957 _71
999 _c48380
_d48380
999 _bSI
999 _g1